[Event "Ambalangoda Dhamso op 3rd"]
[Site "Ambalangoda"]
[Date "2013.02.22"]
[Round "4"]
[White "Miraj, DA."]
[Black "Ankush, Raktade"]
[Result "1/2-1/2"]
[WhiteElo "1936"]
[BlackElo "1630"]
[PlyCount "84"]
[EventDate "2013.02.21"]
[EventType "swiss"]
[EventRounds "9"]
[EventCountry "SRI"]
[SourceTitle "CBM 153 Extra"]
[Source "ChessBase"]
[SourceDate "2013.04.22"]
[SourceVersion "1"]
[SourceVersionDate "2013.04.22"]
[SourceQuality "1"]

1. e4 c5 2. Nc3 e6 3. g3 a6 4. Bg2 Qc7 5. d3 Nf6 6. Be3 Nc6 7. h3 Nd4 8. Nge2 e5 9. Bg5 Be7 10. Qd2 d6 11. f4 h6 12. Bxf6 Bxf6 13. Nd5 Qd8 14. 0-0 Nxe2+ 15. Qxe2 exf4 16. e5 dxe5 17. gxf4 0-0 18. fxe5 Bg5 19. c4 Be6 20. Qe4 Rc8 21. Rf3 b5 22. b3 bxc4 23. dxc4 f5 24. exf6 Bxd5 25. Qxd5+ Qxd5 26. cxd5 Bxf6 27. Re1 Rce8 28. Rff1 Bh4 29. Re6 Rxe6 30. dxe6 Rd8 31. Rf5 Bf6 32. Bd5 Kf8 33. Bc4 Ke7 34. Kg2 Rd2+ 35. Kf3 Kd6 36. a4 a5 37. Ke3 Rd4 38. Rf1 Bg5+ 39. Kf3 Rf4+ 40. Kg2 Rxf1 41. Kxf1 Ke5 42. Kg2 Kf4 1/2-1/2

[Event "Ambalangoda Dhamso op 2nd"]
[Site "Ambalangoda"]
[Date "2012.04.21"]
[Round "6"]
[White "Miraj, DA."]
[Black "Jayarathne, MNG"]
[Result "1/2-1/2"]
[WhiteElo "1980"]
[BlackElo "1782"]
[PlyCount "101"]
[EventDate "2012.04.19"]
[EventType "swiss"]
[EventRounds "9"]
[EventCountry "SRI"]
[SourceTitle "CBM 148 Extra"]
[Source "ChessBase"]
[SourceDate "2012.06.22"]
[SourceVersion "1"]
[SourceVersionDate "2012.06.22"]
[SourceQuality "1"]

1. c4 c5 2. Nc3 Nf6 3. g3 d5 4. cxd5 Nxd5 5. Bg2 Nc7 6. Nf3 Nc6 7. d3 e5 8. Be3 Be7 9. Rc1 0-0 10. 0-0 Be6 11. Qd2 Rb8 12. b3 f6 13. Qb2 Nd4 14. Rfd1 Qd7 15. Ne4 b6 16. Nc3 Rfd8 17. Ne1 Nf5 18. Bd2 Nd4 19. Nc2 Bg4 20. Re1 Bh3 21. Bh1 Qf5 22. Ne3 Qh5 23. Ng2 Nce6 24. Be3 f5 25. f4 Bf6 26. Qd2 e4 27. Bxd4 Nxd4 28. Ne3 exd3 29. Qxd3 Re8 30. Ned5 Qg6 31. Nxf6+ Qxf6 32. e4 Rbd8 33. Qf1 Kh8 34. e5 Qg6 35. Nb5 Nxb5 36. Qxb5 Rd4 37. Red1 Red8 38. Rxd4 Rxd4 39. Qc6 Qxc6 40. Bxc6 Kg8 41. Rc2 Kf8 42. Kf2 Ke7 43. Ke3 Bf1 44. Rd2 Rxd2 45. Kxd2 Ke6 46. Kc3 Ba6 47. a4 g5 48. h3 h6 49. Bf3 gxf4 50. gxf4 Bc8 51. h4 1/2-1/2